Montaje de estructuras de acero en la construcción de edificios

Guardat en:
Dades bibliogràfiques
Autor principal: Rapp, William G (Autor)
Format: Llibre
Idioma:espanyol
Publicat: Ciudad de México Limusa 1978
Col·lecció:Biblioteca Limusa para la Industria de la Construcción
Matèries:
Etiquetes: Afegir etiqueta
Sense etiquetes, Sigues el primer a etiquetar aquest registre!

MARC

LEADER 00000nam a2200000 a 4500
001 UCU6265
003 CL-VaPUC
008 960614e19780000MX |||||||||||||||||spa|d
082 0 4 |a 624.182  |b RAP  |2 21 
100 0 |a Rapp, William G  |e author  |9 364460 
245 1 0 |a Montaje de estructuras de acero en la construcción de edificios 
300 |a 403 p 
942 |c BK 
945 |d 19960614 00:00:00  |a paguirre 
260 |a Ciudad de México  |b Limusa  |c 1978 
650 0 |a Estructuras  |9 271908 
650 0 |a Elementos estructurales  |9 350100 
650 0 |a Aceros  |9 260685 
650 0 |a Materiales de construcción  |9 260197 
650 0 |a Edificios   |9 260501 
650 7 |a TECNOLOGIA DE LA CONSTRUCCION  |2 CL-VaPUC  |9 260196 
583 |a last modification  |c 19960614 00:00:00  |k Rodrigo Vera 
490 0 |a Biblioteca Limusa para la Industria de la Construcción 
999 |c 249273  |d 249271 
952 |0 0  |1 0  |4 0  |6 624_182000000000000_RAP_1978  |7 0  |8 A  |9 266444  |a BIBING  |b BIBING  |d 2019-11-19  |i 1685996  |o 624.182 RAP 1978  |p 1685996  |r 2025-01-20  |w 2019-11-19  |y BK  |k CCL 
952 |0 0  |1 0  |4 0  |6 624_182000000000000_RAP_1978  |7 0  |8 A  |9 266445  |a BIBING  |b BIBING  |d 2019-11-19  |i 1685945  |o 624.182 RAP 1978  |p 1685945  |r 2025-01-20  |w 2019-11-19  |y BK  |k CCL 
952 |0 0  |1 0  |4 0  |6 624_182000000000000_RAP_1978  |7 0  |8 A  |9 266446  |a BIBING  |b BIBING  |d 2019-11-19  |i 1685899  |o 624.182 RAP 1978  |p 1685899  |r 2025-01-20  |w 2019-11-19  |y BK  |k CCL